000 00397nam a2200157Ia 4500
008 220615s9999 xx 000 0 und d
020 _a9781543346060
041 _aeng
082 _a611
100 _aR K GUPTA
_9456
245 _aPRATICAL RECORD CUMULATIVE RECORD BOOK
250 _aFIRST
260 _aJALANDHAR
_bPV PUBLICATION
_c2022
300 _a86
650 _aCOMMUNITY HEALTH NURSING
_9457
999 _c3038
_d3038